Detalles MARC
| 000 -LÍDER |
| Campo fijo de descripción fija |
01664nam a2200349 i 4500 |
| 001 - NÚMERO DE CONTROL |
| Campo de control |
768714001 |
| 003 - IDENTIFICADOR DEL NÚMERO DE CONTROL |
| Campo de control |
CO-MdFUSB |
| 005 - FECHA Y HORA DE LA ULTIMA TRANSACCIÓN |
| control field |
20220208161632.0 |
| 007 - CAMPO FIJO DE DESCRIPCIÓN FIJA--INFORMACIÓN GENERAL |
| Campo fijo de descripción fija |
ta |
| 008 - ELEMENTOS DE LONGITUD FIJA -- INFORMACIÓN GENERAL |
| Campo fijo de descripción fija -- Información general |
220208t2021 -us ||||| |||| 00| 0 spa d |
| 020 ## - NÚMERO INTERNACIONAL NORMALIZADO PARA LIBROS |
| Número Internacional Normalizado del libro |
9780311150588 |
| 040 ## - FUENTE DE CATALOGACIÓN |
| Agencia de catalogación original |
CO-MdFUSB |
| Idioma de catalogación |
spa |
| Agencia que realiza la transcripción |
CO-MdFUSB |
| Agencia que realiza la modificación |
CO-MdFUSBC |
| Convenciones de la descripción |
rda |
| 041 ## - CÓDIGO DE IDIOMA |
| Código de idioma para texto/pista de sonido o título separado |
spa |
| 082 ## - NÚMERO DE CLASIFICACIÓN DECIMAL DEWEY |
| Número de la edición del Dewey |
23 |
| Número de clasificación |
270 |
| Clave de autor-Numero de item |
G643 |
| 100 ## - ASIENTO PRINCIPAL--NOMBRE PERSONAL |
| Nombre personal |
González, Catherine Gunsalus. |
| Término relacionador |
autor |
| 245 #3 - TÍTULO |
| Título del Material |
El Culto en la Iglesia Antigua |
| Mención de responsabilidad, etc. |
/ Catherine Gunsalus González , Justo L. González |
| 264 #1 - PRODUCCIÓN, PUBLICACIÓN, DISTRIBUCIÓN, MANUFACTURA, Y COPYRIGHT |
| Lugar de producción, publicación, distribución, manufactura |
Estados Unidos : |
| Nombre del productor, publicador, distribuidor |
Mundo Hispano, |
| Fecha de producción, publicación, distribución, manufactura, o copyright |
[2021] |
| 264 #4 - PRODUCCIÓN, PUBLICACIÓN, DISTRIBUCIÓN, MANUFACTURA, Y COPYRIGHT |
| Fecha de producción, publicación, distribución, manufactura, o copyright |
© 2021 |
| 300 ## - DESCRIPCIÓN FÍSICA |
| Extensión |
320 páginas |
| Dimensiones |
; 24 cm |
| 336 ## - TIPO DE CONTENIDO |
| Fuente |
rdacontent |
| Término de tipo de contenido |
texto |
| Código de tipo de contenido |
txt |
| 337 ## - TIPO DE MEDIO |
| Fuente |
rdamedia |
| Nombre del tipo de medio |
sin mediación |
| Código del tipo de medio |
n |
| 338 ## - TIPO DE SOPORTE |
| Fuente |
rdacarrier |
| Nombre del tipo de soporte |
volumen |
| Código Tipo de soporte |
nc |
| 505 ## - NOTA DE CONTENIDO |
| Título |
Primera parte. El Judeocristianismo |
| Nota de contenido con formato preestablecido |
El culto en Israel. -- El culto judío y el culto judeocristiano. -- El mensaje judeocristiano. -- El calendario cristiano. -- De la conversión al bautismo. -- Datos fundamentales. |
| 505 ## - NOTA DE CONTENIDO |
| Título |
Segunda parte. Desde el año 100 hasta 313 (Constantino) |
| Nota de contenido con formato preestablecido |
Nuevas circunstancias. -- La predicación. -- El bautismo. -- La comunión. -- Los tiempos, los lugares y las prácticas. |
| 505 ## - NOTA DE CONTENIDO |
| Título |
Tercera parte. Desde Constantino -313 hasta las invasiones: |
| Nota de contenido con formato preestablecido |
Nuevas circunstancias. -- La predicación. -- En torno al bautismo. -- En torno a la comunión. -- Los tiempos, los lugares y las prácticas. |
| 505 ## - NOTA DE CONTENIDO |
| Título |
Cuarta parte. Las invasiones: |
| Nota de contenido con formato preestablecido |
Una nueva era. -- Epílogo: el culto de hoy entre ayer y mañana. |
| 563 ## - NOTA DE ENCUADERNACIÓN |
| Nota de encuadernación |
Tapa dura |
| 650 #0 - ASIENTO SECUNDARIO DE MATERIA - TERMINO TEMÁTICO |
| 9 (RLIN) |
153 |
| Término temático o nombre geográfico como elemento de entrada |
Historia de la Iglesia |
| 700 1# - ASIENTO SECUNDARIO - NOMBRE PERSONAL |
| 9 (RLIN) |
859 |
| Nombre personal |
González, Justo L., |
| Fechas asociadas con el nombre |
1937- |
| Responsabilidad |
autor |
| 942 ## - TIPO DE MATERIAL (KOHA) |
| Tipo de Item KOHA |
Libros General |
| 945 ## - INFORMACIÓN LOCAL DEL REGISTRO |
| Catalogador |
JTF-925 |